[Event "Quebec op"]
[Site "Montreal CAN"]
[Date "2004.07.23"]
[Round "7"]
[White "Lesiege, Alexandre"]
[Black "Burnett, Ronald"]
[Result "1-0"]
[WhiteElo "2497"]
[BlackElo "2439"]
[WhiteFideId "-1"]
[WhiteFideId "-1"]
[PlyCount "133"]
[GameId "2160767911095138"]
[EventDate "2004.07.17"]
[EventType "swiss"]
[EventRounds "9"]
[EventCountry "CAN"]
[SourceTitle "CBM 101 Extra"]
[Source "ChessBase"]
[SourceDate "2004.09.01"]
[SourceVersion "2"]
[SourceVersionDate "2004.09.01"]
[SourceQuality "1"]

1. d4 Nf6 2. c4 e6 3. Nc3 Bb4 4. e3 b6 5. Bd3 Bb7 6. Nf3 O-O 7. O-O d5 8. cxd5 exd5 9. a3 Bd6 10. b4 a6 11. Qb3 Qe7 12. Rb1 Nbd7 13. a4 Ne4 14. b5 Ndf6 15. Bb2 axb5 16. Nxb5 c5 17. Bxe4 Nxe4 18. Nxd6 Qxd6 19. dxc5 Nxc5 20. Be5 Qxe5 21. Nxe5 Nxb3 22. Rxb3 Rxa4 23. Rxb6 Ba6 24. Rc1 Rc8 25. Rxc8+ Bxc8 26. h3 Ra8 27. Nd3 g5 28. Ne5 Kg7 29. Nf3 h6 30. Nd4 Ra5 31. Rc6 Bd7 32. Rc7 Ba4 33. g4 Kg6 34. Kh2 Ra6 35. Rc5 Rd6 36. Nf5 Rf6 37. Kg3 Bb3 38. Rc8 Kh7 39. Rc7 Ba2 40. Nd4 Kg6 41. Nf3 Re6 42. h4 gxh4+ 43. Nxh4+ Kf6 44. Nf5 Kg6 45. Rc8 Kh7 46. Rf8 Rf6 47. Kf4 Bc4 48. f3 Kg6 49. Rh8 Rxf5+ 50. gxf5+ Kg7 51. Rd8 Kf6 52. Rd6+ Kg7 53. Rb6 Ba2 54. Ke5 Bc4 55. Rb2 h5 56. Rg2+ Kh6 57. Kf6 d4 58. exd4 Bd5 59. Rg8 Kh7 60. Rg7+ Kh6 61. Rg3 Kh7 62. Kg5 Kg7 63. f6+ Kf8 64. Kxh5 Ke8 65. Kh6 Kd7 66. Kg7 Ke6 67. Rg5 1-0

[Event "Quebec op"]
[Site "Montreal CAN"]
[Date "2004.07.24"]
[Round "8"]
[White "Lesiege, Alexandre"]
[Black "Kortschnoj, Viktor Lvovich"]
[Result "1/2-1/2"]
[WhiteElo "2497"]
[BlackElo "2568"]
[WhiteFideId "-1"]
[WhiteFideId "-1"]
[PlyCount "92"]
[GameId "2160767911095151"]
[EventDate "2004.07.17"]
[EventType "swiss"]
[EventRounds "9"]
[EventCountry "CAN"]
[SourceTitle "CBM 101 Extra"]
[Source "ChessBase"]
[SourceDate "2004.09.01"]
[SourceVersion "2"]
[SourceVersionDate "2004.09.01"]
[SourceQuality "1"]

1. d4 Nf6 2. c4 e6 3. Nc3 Bb4 4. e3 O-O 5. Bd3 d5 6. Nf3 c5 7. O-O dxc4 8. Bxc4 Bd7 9. a3 cxd4 10. axb4 dxc3 11. bxc3 Qc7 12. Bd3 e5 13. Qc2 Re8 14. Nd2 Nc6 15. Ba3 Rad8 16. c4 Be6 17. Ne4 Nxe4 18. Bxe4 h6 19. b5 Na5 20. Bb4 Nxc4 21. Rxa7 Bd5 22. h3 Bxe4 23. Qxe4 Rd7 24. Rc1 Qb8 25. Raa1 Nb6 26. Rc5 Rc7 27. Rxc7 Qxc7 28. Ra7 Rb8 29. Ba5 h5 30. h4 g6 31. Kh2 f5 32. Bxb6 Qxb6 33. Qd5+ Kh7 34. Ra4 Qf6 35. g3 Qe7 36. b6 Rd8 37. Qc4 Qd7 38. Ra5 Rc8 39. Rd5 Qe6 40. Qb5 Rc6 41. Rxe5 Qa2 42. Kg2 Rc2 43. Qf1 Qb2 44. Re7+ Kh6 45. Rxb7 Rc1 46. Qd3 Rc2 1/2-1/2

[Event "Quebec-ch"]
[Site "Montreal CAN"]
[Date "2004.06.25"]
[Round "1"]
[White "Lesiege, Alexandre"]
[Black "Tessier, Olivier"]
[Result "1-0"]
[WhiteElo "2582"]
[BlackElo "2214"]
[WhiteFideId "-1"]
[WhiteFideId "-1"]
[PlyCount "95"]
[GameId "2160767911096146"]
[EventDate "2004.06.25"]
[EventType "tourn"]
[EventRounds "9"]
[EventCountry "CAN"]
[SourceTitle "EXT 2006"]
[Source "ChessBase"]
[SourceDate "2005.11.24"]
[SourceVersion "1"]
[SourceVersionDate "2005.11.24"]
[SourceQuality "1"]

1. Nf3 Nf6 2. c4 c5 3. Nc3 Nc6 4. g3 g6 5. Bg2 Bg7 6. d4 cxd4 7. Nxd4 Nxd4 8. Qxd4 d6 9. O-O O-O 10. Qd3 Nd7 11. b3 Rb8 12. Be3 a6 13. Rac1 Ne5 14. Qd2 Ng4 15. Ba7 Ra8 16. Be3 Nxe3 17. Qxe3 Re8 18. Rfd1 Qa5 19. Nd5 Be6 20. b4 Qd8 21. c5 Rb8 22. a4 Bxd5 23. Rxd5 Qd7 24. a5 Qa4 25. cxd6 exd6 26. Qd2 Rbc8 27. Bf3 Rxc1+ 28. Qxc1 Qxb4 29. Qc7 Bf8 30. Rd1 Re5 31. Rd5 Re7 32. Qd8 Re5 33. Kg2 Kg7 34. h4 h5 35. Qb8 Qb2 36. Rxe5 dxe5 37. Bd5 Be7 38. Qe8 Qb4 39. Qxf7+ Kh6 40. f3 Bd8 41. Qe8 Bf6 42. Qe6 Qc5 43. Bxb7 Qb4 44. Qxa6 Qe7 45. Be4 Qf7 46. Qd3 Bg7 47. Qa6 Qf6 48. Qb7 1-0

[Event "Quebec-ch"]
[Site "Montreal CAN"]
[Date "2004.06.26"]
[Round "2"]
[White "Lesiege, Alexandre"]
[Black "Lawson, Eric"]
[Result "1-0"]
[WhiteElo "2582"]
[BlackElo "2359"]
[WhiteFideId "-1"]
[WhiteFideId "-1"]
[PlyCount "111"]
[GameId "2160767911096149"]
[EventDate "2004.06.25"]
[EventType "tourn"]
[EventRounds "9"]
[EventCountry "CAN"]
[SourceTitle "EXT 2006"]
[Source "ChessBase"]
[SourceDate "2005.11.24"]
[SourceVersion "1"]
[SourceVersionDate "2005.11.24"]
[SourceQuality "1"]

1. Nf3 Nf6 2. g3 b6 3. Bg2 Bb7 4. O-O c5 5. d3 d6 6. e4 Nbd7 7. Nc3 e6 8. Nh4 Qc8 9. f4 Be7 10. Qe2 O-O 11. g4 Ne8 12. g5 Nc7 13. f5 Ne5 14. f6 Bd8 15. fxg7 Kxg7 16. Qh5 Be7 17. Bd2 Qe8 18. Rf2 Kh8 19. Raf1 f6 20. Qxe8 Nxe8 21. Bh3 Bc8 22. Ng2 Ng6 23. gxf6 Rxf6 24. Ne2 Rxf2 25. Rxf2 Bf6 26. c3 d5 27. Ng3 Be5 28. Nf4 Bxf4 29. Bxf4 Kg7 30. Nh5+ Kg8 31. e5 Rb8 32. Bh6 Rb7 33. Nf6+ Nxf6 34. Rxf6 Rf7 35. Bxe6 Bxe6 36. Rxe6 Re7 37. Rxe7 Nxe7 38. e6 Nf5 39. Bf4 b5 40. Be5 Kf8 41. Bf6 Ne3 42. h3 c4 43. Bg5 Nf5 44. dxc4 bxc4 45. Kf2 Ng7 46. Bh6 Kg8 47. e7 Ne8 48. Ke3 Kf7 49. Kd4 Nc7 50. Kc5 Kxe7 51. Kc6 Kd8 52. Be3 Kc8 53. Bxa7 Ne6 54. Be3 Nc7 55. a3 h5 56. h4 1-0

[Event "Quebec-ch"]
[Site "Montreal CAN"]
[Date "2004.06.27"]
[Round "3"]
[White "Khassanov, Marat"]
[Black "Lesiege, Alexandre"]
[Result "0-1"]
[WhiteElo "2350"]
[BlackElo "2582"]
[WhiteFideId "-1"]
[WhiteFideId "-1"]
[PlyCount "66"]
[GameId "2160767911096155"]
[EventDate "2004.06.25"]
[EventType "tourn"]
[EventRounds "9"]
[EventCountry "CAN"]
[SourceTitle "EXT 2006"]
[Source "ChessBase"]
[SourceDate "2005.11.24"]
[SourceVersion "1"]
[SourceVersionDate "2005.11.24"]
[SourceQuality "1"]

1. d4 d5 2. Nf3 Nf6 3. c4 c6 4. e3 e6 5. Nbd2 Nbd7 6. Bd3 Bd6 7. e4 e5 8. cxd5 cxd5 9. exd5 O-O 10. O-O exd4 11. Nxd4 Ne5 12. Nc4 Nxc4 13. Bxc4 Qc7 14. Bd3 Bxh2+ 15. Kh1 Be5 16. d6 Qxd6 17. Nf5 Bxf5 18. Bxf5 Rad8 19. Qxd6 Rxd6 20. Be3 g6 21. Bh3 Bd4 22. Rad1 Rfd8 23. Bf4 Rd5 24. g4 Bxb2 25. Rb1 Be5 26. Bxe5 Rxe5 27. Rxb7 Rd3 28. Rb3 Rd2 29. Ra3 a5 30. Kg1 Kg7 31. Ra4 Rb5 32. f4 Rd3 33. g5 Rxh3 0-1

[Event "Quebec-ch"]
[Site "Montreal CAN"]
[Date "2004.06.28"]
[Round "4"]
[White "Lesiege, Alexandre"]
[Black "Bachand-Fleurent, Julien"]
[Result "1-0"]
[WhiteElo "2582"]
[BlackElo "2127"]
[WhiteFideId "-1"]
[WhiteFideId "-1"]
[PlyCount "131"]
[GameId "2160767911096159"]
[EventDate "2004.06.25"]
[EventType "tourn"]
[EventRounds "9"]
[EventCountry "CAN"]
[SourceTitle "EXT 2006"]
[Source "ChessBase"]
[SourceDate "2005.11.24"]
[SourceVersion "1"]
[SourceVersionDate "2005.11.24"]
[SourceQuality "1"]

1. d4 d5 2. c4 c6 3. Nf3 e6 4. e3 Nf6 5. Bd3 Bd6 6. O-O Nbd7 7. Nc3 O-O 8. e4 dxe4 9. Nxe4 Nxe4 10. Bxe4 e5 11. dxe5 Nxe5 12. Nxe5 Bxe5 13. Bxh7+ Kxh7 14. Qh5+ Kg8 15. Qxe5 Re8 16. Qc3 Bf5 17. Be3 Qc7 18. Rfe1 c5 19. Rad1 b6 20. Rd5 Bg6 21. Red1 Rad8 22. Qd2 Rxd5 23. Qxd5 Be4 24. Qd2 Qc8 25. f3 Bf5 26. Kf2 Re7 27. Bf4 Rd7 28. Qe2 Rxd1 29. Qxd1 Qa6 30. Qd8+ Kh7 31. Qd5 Be6 32. Qe4+ Kg8 33. a3 Bxc4 34. Qe8+ Kh7 35. Qe4+ Kg8 36. Bb8 Qb5 37. Kg3 Bf1 38. Be5 a6 39. Qa8+ Kh7 40. Qe4+ Kg8 41. Qg4 Kf8 42. Bd6+ Kg8 43. Be5 Kf8 44. Qxg7+ Ke8 45. Qh8+ Kd7 46. Qf6 Qe2 47. Qf5+ Ke8 48. Qc8+ Ke7 49. Qc7+ Ke8 50. Qc6+ Kf8 51. Qh6+ Ke8 52. Qc6+ Kf8 53. Qd6+ Ke8 54. Qb8+ Kd7 55. Qd6+ Ke8 56. Kf4 Bxg2 57. Qc6+ Kf8 58. Bf6 Qe6 59. Qa8+ Qe8 60. Bg7+ Ke7 61. Bf6+ Kf8 62. Qd5 Qc8 63. Qd6+ Kg8 64. Qe5 Bh3 65. Qh5 Qb8+ 66. Be5 1-0

[Event "Quebec-ch"]
[Site "Montreal CAN"]
[Date "2004.06.29"]
[Round "5"]
[White "Hebert, Jean"]
[Black "Lesiege, Alexandre"]
[Result "1/2-1/2"]
[WhiteElo "2431"]
[BlackElo "2582"]
[WhiteFideId "-1"]
[WhiteFideId "-1"]
[PlyCount "73"]
[GameId "2160767911096166"]
[EventDate "2004.06.25"]
[EventType "tourn"]
[EventRounds "9"]
[EventCountry "CAN"]
[SourceTitle "EXT 2006"]
[Source "ChessBase"]
[SourceDate "2005.11.24"]
[SourceVersion "1"]
[SourceVersionDate "2005.11.24"]
[SourceQuality "1"]

1. c4 c5 2. Nf3 Nc6 3. d4 cxd4 4. Nxd4 Nf6 5. Nc3 e6 6. a3 Nxd4 7. Qxd4 b6 8. Bg5 Bb7 9. Rd1 Rc8 10. e4 Bc5 11. Qd2 Be7 12. Bd3 O-O 13. O-O d6 14. Rfe1 Ng4 15. Bxe7 Qxe7 16. Bf1 Rfd8 17. b3 Nf6 18. Qe3 Qc7 19. Nb5 Qb8 20. f3 a6 21. Nxd6 Rxd6 22. Rxd6 Qxd6 23. e5 Qxa3 24. exf6 Qc5 25. fxg7 Kxg7 26. Qxc5 bxc5 27. Rd1 Rc6 28. Rd3 Rb6 29. Be2 a5 30. Bd1 Kf6 31. Bc2 Bc6 32. Rd8 Ke5 33. Kf2 a4 34. bxa4 Rb2 35. Rd2 h6 36. Ke3 Ra2 37. f4+ 1/2-1/2

[Event "Quebec-ch"]
[Site "Montreal CAN"]
[Date "2004.06.30"]
[Round "6"]
[White "Lesiege, Alexandre"]
[Black "Feoktistov, Dmitri"]
[Result "1-0"]
[WhiteElo "2582"]
[BlackElo "2272"]
[WhiteFideId "-1"]
[WhiteFideId "-1"]
[PlyCount "64"]
[GameId "2160767911096170"]
[EventDate "2004.06.25"]
[EventType "tourn"]
[EventRounds "9"]
[EventCountry "CAN"]
[SourceTitle "EXT 2006"]
[Source "ChessBase"]
[SourceDate "2005.11.24"]
[SourceVersion "1"]
[SourceVersionDate "2005.11.24"]
[SourceQuality "1"]

1. d4 d5 2. c4 e6 3. Nc3 Nf6 4. Bg5 c6 5. e3 Nbd7 6. Nf3 Qa5 7. cxd5 Nxd5 8. Qd2 Bb4 9. Rc1 c5 10. a3 Bxc3 11. bxc3 h6 12. Bh4 Qxa3 13. e4 N5f6 14. Bd3 Qa5 15. d5 O-O 16. d6 c4 17. Bxc4 Nxe4 18. Qd4 Nef6 19. O-O b6 20. Rfe1 Bb7 21. Ne5 Rac8 22. Bxf6 Nxf6 23. d7 Rcd8 24. Ra1 Qc5 25. Qxc5 bxc5 26. Red1 Ra8 27. Ra5 Ne4 28. Rd3 Bd5 29. Rxd5 exd5 30. Bxd5 Nf6 31. Bxa8 Rxa8 32. Rxc5 Nxd7 1-0

[Event "Quebec-ch"]
[Site "Montreal CAN"]
[Date "2004.07.02"]
[Round "7"]
[White "Bolduc, Steve"]
[Black "Lesiege, Alexandre"]
[Result "0-1"]
[WhiteElo "2121"]
[BlackElo "2582"]
[WhiteFideId "-1"]
[WhiteFideId "-1"]
[PlyCount "112"]
[GameId "2160767911096175"]
[EventDate "2004.06.25"]
[EventType "tourn"]
[EventRounds "9"]
[EventCountry "CAN"]
[SourceTitle "EXT 2006"]
[Source "ChessBase"]
[SourceDate "2005.11.24"]
[SourceVersion "1"]
[SourceVersionDate "2005.11.24"]
[SourceQuality "1"]

1. d4 Nf6 2. c4 e6 3. Nc3 Bb4 4. e3 O-O 5. Bd3 d5 6. Nf3 c5 7. O-O dxc4 8. Bxc4 Nbd7 9. Qe2 b6 10. d5 Bxc3 11. dxe6 Ne5 12. exf7+ Kh8 13. bxc3 Bg4 14. e4 Qe7 15. Re1 b5 16. Bxb5 Nh5 17. Bg5 Qe6 18. Qe3 Bxf3 19. gxf3 Rxf7 20. f4 Qg4+ 21. Kh1 Nxf4 22. Bxf4 Rxf4 23. Rg1 Qh4 24. Qg3 Qf6 25. Qg5 Rf8 26. Qxf6 R8xf6 27. Rad1 g6 28. f3 Nxf3 29. Rgf1 g5 30. Rd8+ Kg7 31. Rd7+ Rf7 32. Rfd1 Ne5 33. Rxf7+ Kxf7 34. Rd5 Ke6 35. Rxc5 Rf2 36. Kg1 Rxa2 37. Bc4+ Nxc4 38. Rxc4 Ke5 39. Rc5+ Kf4 40. Rf5+ Kg4 41. Rf7 a5 42. Rxh7 Kf3 43. Rf7+ Kxe4 44. Re7+ Kd3 45. Rg7 a4 46. Rxg5 a3 47. Ra5 Kxc3 48. Ra8 Kb3 49. h4 Rd2 50. Rb8+ Kc4 51. Rc8+ Kd4 52. Ra8 a2 53. Rd8+ Ke3 54. Re8+ Kf4 55. Rf8+ Kg4 56. Rg8+ Kh3 0-1

[Event "Quebec-ch"]
[Site "Montreal CAN"]
[Date "2004.07.03"]
[Round "8"]
[White "Lesiege, Alexandre"]
[Black "Berube, Richard"]
[Result "1-0"]
[WhiteElo "2582"]
[BlackElo "2331"]
[WhiteFideId "-1"]
[WhiteFideId "-1"]
[PlyCount "71"]
[GameId "2160767911096181"]
[EventDate "2004.06.25"]
[EventType "tourn"]
[EventRounds "9"]
[EventCountry "CAN"]
[SourceTitle "EXT 2006"]
[Source "ChessBase"]
[SourceDate "2005.11.24"]
[SourceVersion "1"]
[SourceVersionDate "2005.11.24"]
[SourceQuality "1"]

1. d4 Nf6 2. c4 e6 3. Nc3 Bb4 4. e3 b6 5. Bd3 Bb7 6. Nf3 Ne4 7. O-O f5 8. d5 Bxc3 9. bxc3 Nc5 10. Re1 Qf6 11. Ba3 Nba6 12. Qc2 O-O-O 13. Nd4 g6 14. e4 fxe4 15. Bxe4 e5 16. Nb3 d6 17. Bf3 Kb8 18. Re3 Nd7 19. Qe2 h5 20. Be4 g5 21. Rf3 Qg7 22. Bf5 g4 23. Re3 Nf6 24. Rb1 Qg5 25. Bd3 c5 26. dxc6 Bxc6 27. c5 Bf3 28. Qe1 Nxc5 29. Bxc5 dxc5 30. Rxe5 Qg7 31. Nxc5 Bd5 32. c4 Bc6 33. Re7 Qg5 34. Na6+ Ka8 35. Nc7+ Kb8 36. Ne6 1-0

[Event "Quebec-ch"]
[Site "Montreal CAN"]
[Date "2004.07.04"]
[Round "9"]
[White "Voskanyan, Vahagn"]
[Black "Lesiege, Alexandre"]
[Result "0-1"]
[WhiteElo "2300"]
[BlackElo "2582"]
[WhiteFideId "-1"]
[WhiteFideId "-1"]
[PlyCount "94"]
[GameId "2160767911096187"]
[EventDate "2004.06.25"]
[EventType "tourn"]
[EventRounds "9"]
[EventCountry "CAN"]
[SourceTitle "EXT 2006"]
[Source "ChessBase"]
[SourceDate "2005.11.24"]
[SourceVersion "1"]
[SourceVersionDate "2005.11.24"]
[SourceQuality "1"]

1. Nf3 Nf6 2. c4 c5 3. Nc3 Nc6 4. d4 cxd4 5. Nxd4 e6 6. Nc2 d5 7. e3 Be7 8. Be2 O-O 9. cxd5 Nxd5 10. Nxd5 exd5 11. Bf3 Bf5 12. O-O Bf6 13. Nd4 Bxd4 14. exd4 Re8 15. Be3 Be4 16. Rc1 Bxf3 17. Qxf3 Re4 18. Rc5 Qd7 19. Rfc1 Qe6 20. h3 Re8 21. Kh2 h6 22. Qd1 Qd6+ 23. g3 Ne7 24. Qf3 Qe6 25. Rd1 Nf5 26. Bc1 b6 27. Rc7 Re2 28. Be3 Rxb2 29. Rxa7 f6 30. Bf4 Qe4 31. Kg2 h5 32. Rd2 Rxd2 33. Bxd2 Qxf3+ 34. Kxf3 Nxd4+ 35. Kg2 Nc6 36. Rb7 Rb8 37. Rc7 Ne5 38. Bf4 Ra8 39. Rc2 Nc4 40. Kf3 Kf7 41. Ke2 Ke6 42. g4 h4 43. Be3 b5 44. Bf4 d4 45. Bc1 Kd5 46. Kf1 d3 47. Rc3 Kd4 0-1

[Event "Laval XXI"]
[Site "Laval CAN"]
[Date "2004.04.16"]
[Round "1"]
[White "Libersan, Thierry"]
[Black "Lesiege, Alexandre"]
[Result "0-1"]
[WhiteElo "2077"]
[BlackElo "2574"]
[WhiteFideId "-1"]
[WhiteFideId "-1"]
[PlyCount "68"]
[GameId "2160767911166685"]
[EventDate "2004.04.16"]
[EventType "swiss"]
[EventRounds "5"]
[EventCountry "CAN"]
[SourceTitle "EXT 2005"]
[Source "ChessBase"]
[SourceDate "2004.11.15"]
[SourceVersion "1"]
[SourceVersionDate "2004.11.15"]
[SourceQuality "1"]

1. e4 c5 2. Nf3 d6 3. d4 cxd4 4. Nxd4 Nf6 5. Nc3 a6 6. Bc4 e6 7. Bb3 b5 8. f3 Nbd7 9. g4 Nc5 10. g5 Nfd7 11. Be3 Bb7 12. Qd2 Ne5 13. h4 b4 14. Nce2 a5 15. a4 d5 16. exd5 Nxb3 17. cxb3 Qxd5 18. Rf1 Rc8 19. Nf4 Qd7 20. Kf2 Bc5 21. Kg3 O-O 22. Rad1 Rfd8 23. Qh2 Qe7 24. Nfe2 Nxf3 25. Rxf3 Bxf3 26. Kxf3 e5 27. Qg1 exd4 28. Bxd4 Re8 29. Ng3 Qb7+ 30. Kg4 Qd7+ 31. Kf3 Qd5+ 32. Kg4 Re4+ 33. Nxe4 Qxe4+ 34. Kg3 Bd6+ 0-1

[Event "Laval XXI"]
[Site "Laval CAN"]
[Date "2004.04.17"]
[Round "2"]
[White "Lesiege, Alexandre"]
[Black "Luksza, Arkadiusz"]
[Result "1-0"]
[WhiteElo "2574"]
[BlackElo "2237"]
[WhiteFideId "-1"]
[WhiteFideId "-1"]
[PlyCount "91"]
[GameId "2160767911166690"]
[EventDate "2004.04.16"]
[EventType "swiss"]
[EventRounds "5"]
[EventCountry "CAN"]
[SourceTitle "EXT 2005"]
[Source "ChessBase"]
[SourceDate "2004.11.15"]
[SourceVersion "1"]
[SourceVersionDate "2004.11.15"]
[SourceQuality "1"]

1. d4 Nf6 2. c4 e6 3. Nc3 Bb4 4. e3 O-O 5. Bd3 c5 6. Nf3 b6 7. O-O Bxc3 8. bxc3 Bb7 9. Nd2 d6 10. e4 e5 11. d5 Nbd7 12. g3 Re8 13. Rb1 Nf8 14. Re1 Ng6 15. Nf1 Bc8 16. Rb2 Bg4 17. f3 Bd7 18. Ne3 Ne7 19. Qe2 Kh8 20. Ng2 Ng6 21. Qf2 Rb8 22. f4 Ng4 23. Qf3 exf4 24. gxf4 Qf6 25. Bf1 Rg8 26. Qg3 Qe7 27. Bd3 Rbe8 28. Rbe2 Nh6 29. e5 Nf5 30. Qf2 Nh6 31. Qg3 Nf5 32. Qf2 Nh6 33. Kh1 Ng4 34. Qg3 Nh6 35. Bd2 Nf5 36. Qf2 Nh6 37. Kg1 Ng4 38. Qg3 Nh6 39. e6 fxe6 40. f5 Ne5 41. fxe6 Bc8 42. Rxe5 dxe5 43. Qxe5 Ng4 44. Qf5 Nf6 45. Bg5 Rd8 46. Nf4 1-0

[Event "Laval XXI"]
[Site "Laval CAN"]
[Date "2004.04.18"]
[Round "4"]
[White "Lesiege, Alexandre"]
[Black "Hebert, Jean"]
[Result "1-0"]
[WhiteElo "2574"]
[BlackElo "2427"]
[WhiteFideId "-1"]
[WhiteFideId "-1"]
[PlyCount "71"]
[GameId "2160767911166701"]
[EventDate "2004.04.16"]
[EventType "swiss"]
[EventRounds "5"]
[EventCountry "CAN"]
[SourceTitle "EXT 2005"]
[Source "ChessBase"]
[SourceDate "2004.11.15"]
[SourceVersion "1"]
[SourceVersionDate "2004.11.15"]
[SourceQuality "1"]

1. e4 d6 2. d4 Nf6 3. Nc3 e5 4. Nf3 exd4 5. Nxd4 Bd7 6. Be2 Nc6 7. Nb3 g6 8. O-O Bg7 9. Kh1 O-O 10. Bg5 h6 11. Bh4 g5 12. Bg3 Re8 13. Nd2 Nd4 14. Bd3 b5 15. f4 Bg4 16. Qe1 b4 17. Nd1 Nh5 18. Ne3 gxf4 19. Bxf4 Be6 20. Qf2 Nxf4 21. Qxf4 Qg5 22. Nd5 Qxf4 23. Rxf4 Bxd5 24. exd5 Re7 25. Raf1 Rae8 26. g4 a5 27. Ne4 Ne2 28. Nf6+ Bxf6 29. Rxf6 Nd4 30. Kg2 Kg7 31. h4 Rb8 32. g5 hxg5 33. hxg5 Kg8 34. R1f4 Ne2 35. Rf1 Nd4 36. Kg3 1-0

[Event "Laval XXI"]
[Site "Laval CAN"]
[Date "2004.04.18"]
[Round "5"]
[White "Bolduc, Steve"]
[Black "Lesiege, Alexandre"]
[Result "0-1"]
[WhiteElo "2323"]
[BlackElo "2574"]
[WhiteFideId "-1"]
[WhiteFideId "-1"]
[PlyCount "92"]
[GameId "2160767911166706"]
[EventDate "2004.04.16"]
[EventType "swiss"]
[EventRounds "5"]
[EventCountry "CAN"]
[SourceTitle "EXT 2005"]
[Source "ChessBase"]
[SourceDate "2004.11.15"]
[SourceVersion "1"]
[SourceVersionDate "2004.11.15"]
[SourceQuality "1"]

1. d4 Nf6 2. c4 e6 3. Nf3 Bb4+ 4. Nc3 c5 5. g3 cxd4 6. Nxd4 Ne4 7. Qd3 Bxc3+ 8. bxc3 Nc5 9. Qe3 d6 10. Bg2 O-O 11. O-O e5 12. Nb3 Nba6 13. Ba3 Qc7 14. Rfd1 Be6 15. Bd5 Rae8 16. Bxc5 dxc5 17. Bxe6 Rxe6 18. Rd5 b6 19. Rad1 Nb8 20. Qd2 e4 21. Rd8 Ree8 22. Rxe8 Rxe8 23. Qf4 Qxf4 24. gxf4 Kf8 25. Rd5 g6 26. e3 f5 27. f3 exf3 28. Kf2 Ke7 29. Kxf3 Nc6 30. h4 Ke6 31. e4 fxe4+ 32. Kxe4 Ne7 33. Re5+ Kf6 34. Nd2 Rd8 35. Ke3 Nf5+ 36. Ke2 Ng3+ 37. Kf3 Nf5 38. Ke2 Ng3+ 39. Ke3 Rd7 40. h5 Nxh5 41. Ne4+ Kg7 42. f5 Nf6 43. Kf4 Nxe4 44. Kxe4 Kf7 45. fxg6+ hxg6 46. Kf4 Rd3 0-1

[Event "Mauricie op"]
[Site "Trois-Rivieres CAN"]
[Date "2004.03.19"]
[Round "1"]
[White "Lesiege, Alexandre"]
[Black "Plante, Rejean"]
[Result "1-0"]
[WhiteElo "2196"]
[BlackElo "2563"]
[WhiteFideId "-1"]
[WhiteFideId "-1"]
[PlyCount "46"]
[GameId "2160767911183555"]
[EventDate "2004.03.19"]
[EventType "swiss"]
[EventRounds "5"]
[EventCountry "CAN"]

1. d4 Nf6 2. c4 e6 3. g3 c5 4. d5 exd5 5. cxd5 b5 6. Bg2 d6 7. e4 Nbd7 8. Ne2 g6 9. O-O Bg7 10. Qc2 O-O 11. a4 b4 12. Nd2 Ba6 13. Nc4 Nb6 14. Nxb6 axb6 15. Re1 Re8 16. f3 Nd7 17. Bf4 Qf6 18. Rad1 b5 19. axb5 Bxb5 20. Bc1 Ra2 21. Qb3 Ra1 22. Qe3 Qd8 23. Qd2 Ba4 1-0

[Event "Mauricie op"]
[Site "Trois-Rivieres CAN"]
[Date "2004.03.20"]
[Round "3"]
[White "Zafirov, Stephane"]
[Black "Lesiege, Alexandre"]
[Result "0-1"]
[WhiteElo "2057"]
[BlackElo "2562"]
[WhiteFideId "-1"]
[WhiteFideId "-1"]
[PlyCount "82"]
[GameId "2160767911183581"]
[EventDate "2004.03.19"]
[EventType "swiss"]
[EventRounds "5"]
[EventCountry "CAN"]
[SourceTitle "EXT 2005"]
[Source "ChessBase"]
[SourceDate "2004.11.15"]
[SourceVersion "1"]
[SourceVersionDate "2004.11.15"]
[SourceQuality "1"]

1. e4 c5 2. Nf3 d6 3. c4 e5 4. d3 Nc6 5. Be2 g6 6. Nc3 Bg7 7. O-O Nge7 8. Nd5 O-O 9. Bd2 f5 10. Rb1 b6 11. a3 h6 12. b4 g5 13. b5 Nxd5 14. cxd5 Ne7 15. Ne1 Kh8 16. Nc2 f4 17. g4 Bd7 18. f3 h5 19. h3 Rf6 20. Kf2 Rh6 21. Rh1 a6 22. d4 exd4 23. bxa6 Ng6 24. Qf1 Ne5 25. Ne1 Kg8 26. Nd3 Nc4 27. Bc1 b5 28. Ne1 Ne3 29. Bxe3 fxe3+ 30. Kg1 c4 31. a4 d3 32. Nxd3 cxd3 33. Bxd3 Rxa6 34. Bxb5 Bxb5 35. Qxb5 Ra8 36. Rh2 Qf6 37. Rf1 Qf4 38. Qc6 Rf8 39. Rg2 e2 40. Rxe2 hxg4 41. hxg4 Bd4+ 0-1

[Event "Mauricie op"]
[Site "Trois-Rivieres CAN"]
[Date "2004.03.21"]
[Round "4"]
[White "Lesiege, Alexandre"]
[Black "Beaudoin, Stephane"]
[Result "1-0"]
[WhiteElo "2563"]
[BlackElo "2072"]
[WhiteFideId "-1"]
[WhiteFideId "-1"]
[PlyCount "41"]
[GameId "2160767911183584"]
[EventDate "2004.03.19"]
[EventType "swiss"]
[EventRounds "5"]
[EventCountry "CAN"]
[SourceTitle "EXT 2005"]
[Source "ChessBase"]
[SourceDate "2004.11.15"]
[SourceVersion "1"]
[SourceVersionDate "2004.11.15"]
[SourceQuality "1"]

1. d4 Nf6 2. c4 e6 3. Nc3 c5 4. Nf3 cxd4 5. Nxd4 Nc6 6. g3 Bb4 7. Bg2 O-O 8. O-O a6 9. Na4 Qc7 10. c5 d6 11. Nxc6 bxc6 12. Qxd6 Qxd6 13. cxd6 Bxd6 14. Rd1 Be7 15. Bxc6 Rb8 16. Bf4 Bb7 17. Rac1 Bxc6 18. Rxc6 Rb4 19. b3 Nd5 20. Bd2 Rd4 21. e3 1-0

[Event "Carnaval"]
[Site "Quebec CAN"]
[Date "2004.02.13"]
[Round "1"]
[White "Vallieres, Mario"]
[Black "Lesiege, Alexandre"]
[Result "0-1"]
[WhiteElo "2061"]
[BlackElo "2558"]
[WhiteFideId "-1"]
[WhiteFideId "-1"]
[PlyCount "36"]
[GameId "2160767911192006"]
[EventDate "2004.02.13"]
[EventType "swiss"]
[EventRounds "5"]
[EventCountry "CAN"]
[SourceTitle "EXT 2005"]
[Source "ChessBase"]
[SourceDate "2004.11.15"]
[SourceVersion "1"]
[SourceVersionDate "2004.11.15"]
[SourceQuality "1"]

1. d4 Nf6 2. Nc3 d5 3. Bg5 Nbd7 4. f3 c6 5. e4 dxe4 6. fxe4 e5 7. dxe5 Qa5 8. Bxf6 gxf6 9. e6 fxe6 10. Bc4 Ba3 11. Qc1 Ne5 12. Bb3 Ng4 13. Nge2 Bc5 14. Rf1 Be3 15. Qd1 Qc5 16. Nd4 Qxd4 17. Qe2 Bg5 18. h3 Bh4+ 0-1

[Event "Carnaval"]
[Site "Quebec CAN"]
[Date "2004.02.14"]
[Round "2"]
[White "Lesiege, Alexandre"]
[Black "St Amand, Paul Jr"]
[Result "1-0"]
[WhiteElo "2558"]
[BlackElo "2090"]
[WhiteFideId "-1"]
[WhiteFideId "-1"]
[PlyCount "61"]
[GameId "2160767911192012"]
[EventDate "2004.02.13"]
[EventType "swiss"]
[EventRounds "5"]
[EventCountry "CAN"]
[SourceTitle "EXT 2005"]
[Source "ChessBase"]
[SourceDate "2004.11.15"]
[SourceVersion "1"]
[SourceVersionDate "2004.11.15"]
[SourceQuality "1"]

1. Nf3 c5 2. c4 Nf6 3. Nc3 e6 4. g3 d5 5. cxd5 Nxd5 6. Bg2 Nc6 7. O-O Be7 8. d4 O-O 9. Rb1 b6 10. dxc5 Bxc5 11. Ng5 h6 12. Nxd5 hxg5 13. b4 exd5 14. bxc5 Bf5 15. Rb5 Ne7 16. Bxg5 f6 17. Be3 Qd7 18. a4 bxc5 19. Bxc5 Rfd8 20. Qb3 Nc6 21. Rd1 Be6 22. Rb7 Na5 23. Rxd7 Nxb3 24. Rxd8+ Rxd8 25. Bxa7 Ra8 26. Be3 Rxa4 27. Bxd5 Bxd5 28. Rxd5 Ra2 29. Rb5 Nd2 30. Bxd2 Rxd2 31. e3 1-0